000 00479cam a2200193ua 4500
001 5768
005 20260515113932.0
008 131025n ii |||gr||||Z||||||eng
040 _cMAIN
082 _a954.025
100 _aSharma,S.R,
_eAuthor.
245 _aMughal Empire In India
_cby S.R Sharma
250 _a1st/ rep.
260 _aDelhi:
_bLaxmi Narayan Agarwal,
_c1971.
300 _a525p.
653 _aSouth Asia India
653 _aMughal Empire In India
942 _cBK
999 _c4921
_d4921